Montážne roboty a ich uplatnenie v praxi : Bakalárska práca

Uložené v:
Podrobná bibliografia
Hlavní autori: Javorová, Angela, 1973- (xxx), Mikešová, Beáta (Autor)
Médium: Rukopis Kniha
Jazyk:Slovak
Vydavateľské údaje: Trnava : STU v Bratislave MtF KTZS, 2004
Predmet:
Tagy: Pridať tag
Žiadne tagy, Buďte prvý, kto otaguje tento záznam!

MARC

LEADER 00000ntm a22000003a 4500
001 stu89757
005 20160719154608.8
008 040831s2004----xo------------------slo-d
040 |a STU  |b slo 
041 0 |a slo 
044 |a xo 
100 1 |a Javorová, Angela,  |d 1973-  |4 xxx  |u M2000  |U MTF Materiálovotechnologická fakulta  |T MTF Ústav výrobných systémov a aplikovanej mechaniky  |X 4676  |U M2000  |Y 82  |7 A000004676 
245 1 |a Montážne roboty a ich uplatnenie v praxi :  |b Bakalárska práca 
260 |a Trnava :  |b STU v Bratislave MtF KTZS,  |c 2004 
300 |a 44 s  |c CD 
650 7 |a technologické zariadenia a systémy  |2 stusub 
650 7 |a priemyselné roboty  |2 stusub 
700 1 |a Mikešová, Beáta  |4 aut 
996 |b 284M060180  |c M*BP-559  |l MMSKP  |s P  |a 0  |w stu89757_0001